Comparative economics in a transforming world economy / (Record no. 17573)
[ view plain ]
| 000 -LEADER | |
|---|---|
| fixed length control field | 00856cam a22002534a 4500 |
| 001 - CONTROL NUMBER | |
| control field | 13297068 |
| 005 - DATE AND TIME OF LATEST TRANSACTION | |
| control field | 20130930150436.0 |
| 008 - FIXED-LENGTH DATA ELEMENTS--GENERAL INFORMATION | |
| fixed length control field | 030731s2004 mauab b 001 0 eng |
| 010 ## - LIBRARY OF CONGRESS CONTROL NUMBER | |
| LC control number | 2003059363 |
| 020 ## - INTERNATIONAL STANDARD BOOK NUMBER | |
| International Standard Book Number | 0262182343 |
| 020 ## - INTERNATIONAL STANDARD BOOK NUMBER | |
| International Standard Book Number | 9780262182348 |
| 082 00 - DEWEY DECIMAL CLASSIFICATION NUMBER | |
| Classification number | 337 |
| Edition number | 22 |
| Item number | ROS |
| 100 1# - MAIN ENTRY--PERSONAL NAME | |
| Personal name | Rosser, John Barkley, |
| Dates associated with a name | 1948- |
| 9 (RLIN) | 33812 |
| 245 10 - TITLE STATEMENT | |
| Title | Comparative economics in a transforming world economy / |
| Statement of responsibility, etc | J. Barkley Rosser, Jr., Marina V. Rosser. |
| 250 ## - EDITION STATEMENT | |
| Edition statement | 2nd ed. |
| 260 ## - PUBLICATION, DISTRIBUTION, ETC. (IMPRINT) | |
| Place of publication, distribution, etc | Cambridge, Mass. : |
| Name of publisher, distributor, etc | MIT Press, |
| Date of publication, distribution, etc | c2004. |
| 300 ## - PHYSICAL DESCRIPTION | |
| Extent | x, 646 p. : |
| Other physical details | ill., maps ; |
| Dimensions | 24 cm. |
| 504 ## - BIBLIOGRAPHY, ETC. NOTE | |
| Bibliography, etc | Includes bibliographical references and index. |
| 650 #0 - SUBJECT ADDED ENTRY--TOPICAL TERM | |
| Topical term or geographic name as entry element | Comparative economics. |
| 9 (RLIN) | 33813 |
| 650 #0 - SUBJECT ADDED ENTRY--TOPICAL TERM | |
| Topical term or geographic name as entry element | International economic relations. |
| 9 (RLIN) | 33814 |
| 653 ## - INDEX TERM--UNCONTROLLED | |
| Resource For college | |
| Arrived date list | September2013 |
| 700 1# - ADDED ENTRY--PERSONAL NAME | |
| Personal name | Rosser, Marina V. |
| Fuller form of name | (Marina Vschernaya) |
| 9 (RLIN) | 33815 |
| 942 ## - ADDED ENTRY ELEMENTS (KOHA) | |
| Source of classification or shelving scheme | Dewey Decimal Classification |
| Item type | Book - Borrowing |
| Withdrawn status | Item status | Source of classification or shelving scheme | Damaged status | Not for loan | Vendor | Home library | Current library | Shelving location | Date acquired | Source of acquisition | Total Checkouts | Full call number | Barcode | Date last seen | Date last borrowed | Koha item type | Total Renewals |
|---|---|---|---|---|---|---|---|---|---|---|---|---|---|---|---|---|---|
| Dewey Decimal Classification | Baccah | Central Library | Central Library | First floor | 30/09/2013 | 1 | 337 ROS | 000029112 | 15/07/2025 | 09/10/2016 | Book - Borrowing | ||||||
| Dewey Decimal Classification | Baccah | Central Library | Central Library | First floor | 30/09/2013 | 1 | 337 ROS | 000029113 | 15/07/2025 | 02/09/2015 | Book - Borrowing | 5 | |||||
| Dewey Decimal Classification | Baccah | Central Library | Central Library | First floor | 30/09/2013 | 337 ROS | 000029114 | 15/07/2025 | Book - Borrowing |